00809nam a2200217 i 4500003000900000005001700009006001900026007000300045008004100048040003000089082002900119110004400148240001700192245018600209264003700395300002800432336002700460337003300487338002800520700004300548DO-SdBNP20240111091222.0a||||gr|||| 00| 0 ta240111q1994 dr ||||| |||| 00| 0 spa d aDO-SdBNPbspacBNPHUerda 4222a346.72930135bR426co1 aRepública Dominicana.bPoder Judicial aLeyes,[etc.]10aCódigo del menor de la República Dominicana :bley 14-94 código para la protección de niños, niñas y adolescentes /cEdición al cuidado de Bolívar R. Sánchez Veloz 4aSanto Domingo :bPalma,c[1994]. a102 páginas ;c21 cm. 2rdacontentatextobtxt 2rdamediaasin mediaciónbn 2rdacarrieravolumenbnc1 aSánchez Veloz, Bolívar R.,eeditor